Organización de la investigación agropecuaria en América Latina: reflexiones e instrumentos para su análisis /
En el artículo se realiza un análisis exhaustivo sobre la estructura y organización de la investigación agropecuaria en América Latina. Los autores examinan diferentes enfoques y métodos para evaluar y analizar la eficacia y eficiencia de los sistemas de investigación en el sector agropecuario de la...
Gorde:
| Egile nagusia: | |
|---|---|
| Beste egile batzuk: | , |
| Formatua: | Liburua |
| Hizkuntza: | Spanish |
| Argitaratua: |
San José, Costa Rica:
IICA,
1982
|
| Edizioa: | reimpresión 1985 |
| Saila: | Serie Investigación y Desarrollo / IICA
n° 2 |
| Gaiak: | |
| Etiketak: |
Etiketa erantsi
Etiketarik gabe, Izan zaitez lehena erregistro honi etiketa jartzen!
|
MARC
| LEADER | 00000nam a22000007a 4500 | ||
|---|---|---|---|
| 003 | cru CIDCACS/IIS | ||
| 005 | 20230911102939.0 | ||
| 007 | ta | ||
| 008 | 171103t1982 cr ||||| |||| 00| 0 spa d | ||
| 020 | |a 9290390050 | ||
| 040 | |c cru CIDCACS/IIS | ||
| 090 | |a 07.06.01 T828o | ||
| 100 | 1 | |9 149 |a Trigo, Eduardo J. | |
| 245 | 1 | |a Organización de la investigación agropecuaria en América Latina: |b reflexiones e instrumentos para su análisis / |c Eduardo Trigo, Martín Piñeiro, Jorge Ardila | |
| 250 | |a reimpresión 1985 | ||
| 260 | |a San José, Costa Rica: |b IICA, |c 1982 | ||
| 300 | |a 537 páginas: |b tablas, gráficos | ||
| 440 | |9 4780 |a Serie Investigación y Desarrollo / IICA |v n° 2 | ||
| 520 | 3 | |a En el artículo se realiza un análisis exhaustivo sobre la estructura y organización de la investigación agropecuaria en América Latina. Los autores examinan diferentes enfoques y métodos para evaluar y analizar la eficacia y eficiencia de los sistemas de investigación en el sector agropecuario de la región. Se abordan aspectos como la planificación estratégica, la asignación de recursos, la colaboración entre instituciones y la conexión entre la investigación y la innovación en el ámbito agropecuario. El artículo ofrece herramientas conceptuales y metodológicas para llevar a cabo un análisis profundo de las estructuras y procesos de investigación en este sector crucial para la región. Se resalta la importancia de la coordinación y colaboración entre los distintos actores involucrados en la investigación agropecuaria para impulsar el desarrollo sostenible y la innovación en el sector. RAR | |
| 650 | 0 | 0 | |2 OCDE |9 2027 |a INVESTIGACION AGRICOLA |
| 650 | 0 | 0 | |2 OCDE |9 7682 |a ORGANIZACION |
| 650 | 0 | 0 | |2 OCDE |9 3900 |a PLANIFICACIÓN ESTRATÉGICA |
| 650 | 0 | 0 | |2 OCDE |9 5318 |a INNOVACIONES |
| 650 | 0 | 0 | |2 OCDE |9 4736 |a EFICIENCIA |
| 650 | 0 | 0 | |2 OCDE |9 2192 |a SISTEMAS AGRICOLAS |
| 651 | 0 | |2 OCDE |9 17 |a AMERICA LATINA | |
| 700 | 1 | |9 4779 |a Piñeiro, Martín E. | |
| 700 | 1 | |9 5732 |a Ardila V., Jorge | |
| 942 | |2 ddc |c LI |h 07.06.01 T828o |i 16247 |6 070601_T828O_16247 | ||
| 999 | |c 40550 |d 40550 | ||



